The Prophet Collection (Record no. 533918)
[ view plain ]
| 000 -LEADER | |
|---|---|
| fixed length control field | 00277nam a22001217a 4500 |
| 040 ## - CATALOGING SOURCE | |
| Transcribing agency | dlc |
| 082 ## - DEWEY DECIMAL CLASSIFICATION NUMBER | |
| Classification number | 811.52 |
| 100 ## - MAIN ENTRY--PERSONAL NAME | |
| Personal name | Khalil Gibran |
| 9 (RLIN) | 27960 |
| 245 ## - TITLE STATEMENT | |
| Title | The Prophet Collection |
| 260 ## - PUBLICATION, DISTRIBUTION, ETC. | |
| Place of publication, distribution, etc. | Australia |
| Name of publisher, distributor, etc. | Axiom Publishing |
| Date of publication, distribution, etc. | c2009 |
| 300 ## - PHYSICAL DESCRIPTION | |
| Extent | 128;pxv |
| 942 ## - ADDED ENTRY ELEMENTS (KOHA) | |
| Source of classification or shelving scheme | |
| Koha item type | Book |
| Withdrawn status | Lost status | Source of classification or shelving scheme | Damaged status | Not for loan | Permanent Location | Current Location | Date acquired | Total Checkouts | Full call number | Barcode | Date last seen | Date last checked out | Price effective from | Koha item type |
|---|---|---|---|---|---|---|---|---|---|---|---|---|---|---|
| School of Civil and Environmental Engineering (SCEE) | School of Civil and Environmental Engineering (SCEE) | 01/24/2020 | 1 | 811.52 | NIT-9448 | 02/03/2022 | 01/20/2022 | 01/24/2020 | Book |
